000 00634nam a2200193 i 4500
001 29289
003 ES-MaACL
005 20230906154015.0
007 t|
008 030121s1857 fr ||||1| fre d
100 1 _aBalzac, Honoré de,
_d1799-1850
_925139
245 1 0 _aScénes de la vie de province
_b: Les rivalités ; La vieille fille ; Le cabinet des antiques /
_cHonoré de Balzac.
260 _aParís :
_b[s.n.,
_c1857] (
_fImp. de la Lib. Nouvelle, A. Delcambre)
300 _a339 p. ;
_c17 cm.
740 3 _aLa vieille fille.
740 3 _aLe cabinet des antiques.
852 _aES-MaACL
_jG-13561
999 _c29289
_d29289